000 00279nam a22001217a 4500
008 171227b xxu||||| |||| 00| 0 eng d
041 _aeng
080 _a32
100 _a19
101 _aPOL
245 _aTHE POLITICAL GENIUS OF ABRAHAM LINCOLN
_cGOODWIN,D.K
942 _2udc
_cBK
999 _c39430
_d39430